00725nam a2200145Ia 4500008004100000020001800041082002200059245011700081260006300198300001000261650015000271700004500421952009600466999001700562120622s9999 xx 000 0 und d a968-36-0781-0 a303.4830972 C569t aCiencia y tecnología en México : impacto, dependencia y perspectiva / M. G. Breceda, A. Chavero ... [et al.] aMéxico : UNAM, Instituto de Investigaciones Económicas a83 p. a1. DESARROLLO CIENTIFICO Y TECNOLOGICO - MEXICO \ 2. TECNOLOGIA Y ESTADO - MEXICO \ 3. MEXICO - CONDICIONES ECONOMICAS \ 4. EMPLEO DE ESTUDIANTES aBreceda, M. G. \ Chavero, A. ; coaut.Ì 00104070a01b01d2007-01-25l0o303.4830972 C569Tp01 009456r2012-06-24w2012-06-24yLB c59742d59742